<?xml version="1.0" encoding="UTF-8"?>
<record
    xmlns:xsi="http://www.w3.org/2001/XMLSchema-instance"
    xsi:schemaLocation="http://www.loc.gov/MARC21/slim http://www.loc.gov/standards/marcxml/schema/MARC21slim.xsd"
    xmlns="http://www.loc.gov/MARC21/slim">

  <leader>00865nam a2200253 a 4500</leader>
  <controlfield tag="001">BRCA_8134</controlfield>
  <controlfield tag="005">20190320210139.0</controlfield>
  <controlfield tag="008">110414s1964----gw-####f##---#000-0#ger-#</controlfield>
  <datafield tag="041" ind1=" " ind2=" ">
    <subfield code="a">ger</subfield>
  </datafield>
  <datafield tag="044" ind1=" " ind2=" ">
    <subfield code="a">gw</subfield>
  </datafield>
  <datafield tag="050" ind1=" " ind2="4">
    <subfield code="a">JN15</subfield>
    <subfield code="b">.S46</subfield>
    <subfield code="c">1964</subfield>
  </datafield>
  <datafield tag="100" ind1="1" ind2=" ">
    <subfield code="a">Siegler, Heinrich</subfield>
    <subfield code="9">20259</subfield>
  </datafield>
  <datafield tag="245" ind1="1" ind2="0">
    <subfield code="a">Dokumentation der europ&#xE4;ischen integration 1961-1963</subfield>
    <subfield code="b">unter Ber&#xFC;cksichtigung der bestrebungen f&#xFC;r eine atlantische partnerschaft</subfield>
    <subfield code="c">Henrich Siegler.</subfield>
  </datafield>
  <datafield tag="260" ind1=" " ind2=" ">
    <subfield code="a">Bonn</subfield>
    <subfield code="b">Siegler</subfield>
    <subfield code="c">1964</subfield>
  </datafield>
  <datafield tag="300" ind1=" " ind2=" ">
    <subfield code="a">494 p.</subfield>
    <subfield code="c">24 cm.</subfield>
  </datafield>
  <datafield tag="440" ind1=" " ind2="0">
    <subfield code="a">Dokumentation der europ&#xE4;ischen integration</subfield>
    <subfield code="n">2</subfield>
    <subfield code="9">20260</subfield>
  </datafield>
  <datafield tag="500" ind1=" " ind2=" ">
    <subfield code="a">Y215</subfield>
  </datafield>
  <datafield tag="611" ind1="2" ind2="4">
    <subfield code="a">Comunidad Econ&#xF3;mica Europea</subfield>
    <subfield code="9">20261</subfield>
  </datafield>
  <datafield tag="650" ind1="1" ind2="4">
    <subfield code="a">Integraci&#xF3;n Europea</subfield>
    <subfield code="y">1961-1963</subfield>
    <subfield code="9">20262</subfield>
  </datafield>
  <datafield tag="650" ind1="1" ind2="4">
    <subfield code="a">Integraci&#xF3;n Europea</subfield>
    <subfield code="v">Asociaci&#xF3;n econ&#xF3;mica</subfield>
    <subfield code="9">20263</subfield>
  </datafield>
  <datafield tag="650" ind1="1" ind2="4">
    <subfield code="a">Federaci&#xF3;n Europea</subfield>
    <subfield code="v">Tratados</subfield>
    <subfield code="9">20264</subfield>
  </datafield>
  <datafield tag="902" ind1=" " ind2=" ">
    <subfield code="a">GFM</subfield>
  </datafield>
  <datafield tag="942" ind1=" " ind2=" ">
    <subfield code="2">lcc</subfield>
    <subfield code="c">B</subfield>
  </datafield>
  <datafield tag="999" ind1=" " ind2=" ">
    <subfield code="c">7802</subfield>
    <subfield code="d">7802</subfield>
  </datafield>
  <datafield tag="952" ind1=" " ind2=" ">
    <subfield code="0">0</subfield>
    <subfield code="1">0</subfield>
    <subfield code="4">0</subfield>
    <subfield code="7">0</subfield>
    <subfield code="a">BRCA</subfield>
    <subfield code="b">BRCA</subfield>
    <subfield code="d">2014-04-11</subfield>
    <subfield code="i">Y215</subfield>
    <subfield code="l">0</subfield>
    <subfield code="o">JN15 .S46 1964 (Y215)</subfield>
    <subfield code="p">8758</subfield>
    <subfield code="r">2019-03-22 00:00:00</subfield>
    <subfield code="w">2019-03-22</subfield>
    <subfield code="y">B</subfield>
  </datafield>
</record>
